Achieving the competitive edge : A practical guide to world-class competition

This book is a practical guide to improving business processes. It focuses on strengthening the company from the inside by defining all of the management tools available and analyzing the strengths and weaknesses of each in the light of today's business environment.

Shranjeno v:
Bibliografske podrobnosti
Glavni avtor: Jackson, Harry K.
Format: Knjiga
Jezik:Undetermined
Izdano: New York John Wiley & Sons 1996
Teme:
Oznake: Označite
Brez oznak, prvi označite!
Thư viện lưu trữ: Trung tâm Học liệu Trường Đại học Cần Thơ
LEADER 00897nam a2200217Ia 4500
001 CTU_98886
008 210402s9999 xx 000 0 und d
020 |c 3.99 
082 |a 658.4 
082 |b J12 
100 |a Jackson, Harry K. 
245 0 |a Achieving the competitive edge : 
245 2 |b A practical guide to world-class competition 
245 0 |c Harry K. Jackson 
260 |a New York 
260 |b John Wiley & Sons 
260 |c 1996 
520 |a This book is a practical guide to improving business processes. It focuses on strengthening the company from the inside by defining all of the management tools available and analyzing the strengths and weaknesses of each in the light of today's business environment. 
650 |a Industrial management,Strategic planning,Competition, international 
904 |i Tuyến 
980 |a Trung tâm Học liệu Trường Đại học Cần Thơ